000 00696cam a2200241 a 4500
001 17509355
005 20180315062927.0
008 121026s2014 mau 001 0 eng
010 _a 2012042884
020 _a9780132992282
040 _aDLC
_cDLC
_dDLC
041 _aeng
042 _apcc
043 _an-us---
080 _a339 ABE
082 0 0 _a339 ABE
_223
100 1 _a52
101 _aMAK
245 1 0 _aMacroeconomics /
_cAndrew B. Abel, Ben S. Bernanke, Dean Croushore.
906 _a7
_bcbc
_corignew
_d1
_eecip
_f20
_gy-gencatlg
942 _2ddc
_cBK
999 _c45126
_d45126